000 00910nam a22002651u 4500
001 04780
003 HDC
007 cr bn ---aaaaa
008 210117p2011 fo d 00 engg
040 _aHDC
100 _aHanzaee, Kambiz Heidarzadeh
_eauthor
_95036
245 0 _aIntention To Halal Products In The World Markets / by
_cKambiz Heidarzadeh Hanzaee
260 _a[no place] :
_b [publisher not identified] ,
_c2011
300 _a 1 online resource (7 pages)
336 _atext
_2rdacontent
337 _acomputer
_2rdamedia
338 _aonline resource
_2rdacarrier
650 _ahalal certificate
_9482
650 _ahalal
_9294
650 _aSharia'h
_95037
856 _zRequest full-text at [email protected]
942 _2lcc
942 _cAR
942 _kJART 001236
999 _c2105
_d2105